Business Mathematics & Statistics (Record no. 3680)

MARC details
000 -LEADER
fixed length control field 00410nam a22001697a 4500
005 - DATE AND TIME OF LATEST TRANSACTION
control field 20180530125530.0
008 - FIXED-LENGTH DATA ELEMENTS--GENERAL INFORMATION
fixed length control field 160623b xxu||||| |||| 00| 0 eng d
020 ## - INTERNATIONAL STANDARD BOOK NUMBER
ISBN 81-7381-065-6
041 ## - LANGUAGE CODE
Language code of text/sound track or separate title eng
082 ## - DEWEY DECIMAL CLASSIFICATION NUMBER
Item number 9383
Classification number 519.5
100 ## - MAIN ENTRY--AUTHOR NAME
Personal name Ghosh. R.K. and Sahe S.
245 ## - TITLE STATEMENT
Title Business Mathematics & Statistics
260 ## - PUBLICATION, DISTRIBUTION, ETC. (IMPRINT)
Name of publisher Central
Year of publication 2006
300 ## - PHYSICAL DESCRIPTION
Number of Pages 342
650 ## - SUBJECT ADDED ENTRY--TOPICAL TERM
Topical Term Management
942 ## - ADDED ENTRY ELEMENTS (KOHA)
Koha item type Books
Holdings
Lost status Damaged status Collection code Home library Current library Shelving location Date acquired Cost, normal purchase price Full call number Accession Number Koha item type Source of acquisition
    MANAGEMENT JRU Library JRU Library SHELF-48-C 23/06/2016 295.00 519.5 9383 Books  
    MANAGEMENT JRU Library JRU Library SHELF-48-C 23/06/2016 295.00 519.5 9384 Books  
    MANAGEMENT JRU Library JRU Library SHELF-75-A 23/06/2016 295.00 519.5 9385 Books  
    MANAGEMENT JRU Library JRU Library SHELF-48-C 23/06/2016 295.00 519.5 9386 Books  
    MANAGEMENT JRU Library JRU Library SHELF-75-A 23/06/2016 295.00 519.5 9387 Books PURCHASE